000 00882nam a2200253 c 4500
003 BLK
005 20190913121143.0
008 180911b bul|||||r ||||||| ||bul||
010 _a001441
040 _aBLK
041 _aBUL
080 _z949.72(093)
100 1 _aКУСЕВИЧ, Методи митрополит
_eпърви автор
245 0 0 _aМитрополит Методи Кусевич до Председателя Уилсон
260 _aСтара Загора
_c1913
300 _a7 с
_c24 см
380 _a9
490 _aЧастна колекция - Академик Михаил Арнаудов
_gДарение - Основен фонд
655 _aбългарска история
700 1 _aМетоди Кусевич
700 1 _a митрополит Старозагорский
852 _aМА 4092
942 _cKNG
_n0
944 _aCR
_c1994
999 _c341811
_d341811